Clubes dos jogadores da Seleção Brasileira durante a Copa de 2014 - Statistics

Estatísticas Gerais
  • Esse quiz foi jogado 904 vezes
    873 desde o último reset
  • A pontuação média é 18 de 23
Estatísticas das Respostas
Jogador Posição Clube % Correto
Daniel Alves Lateral Barcelona
99%
Neymar Atacante Barcelona
99%
David Luiz Zagueiro Chelsea
96%
Oscar Meia Chelsea
96%
Willian Meia Chelsea
96%
Ramires Volante Chelsea
96%
Maxwell Lateral Paris Saint-Germain
96%
Thiago Silva Zagueiro Paris Saint-Germain
96%
Marcelo Lateral Real Madrid
96%
Victor Goleiro Atlético Mineiro
91%
Atacante Atlético Mineiro
91%
Fred Atacante Fluminense
90%
Jefferson Goleiro Botafogo
88%
Fernandinho Volante Manchester City
87%
Hulk Atacante Zenit
79%
Dante Zagueiro Bayern de Munique
71%
Hernanes Meia Internazionale
63%
Maicon Lateral Roma
58%
Luiz Gustavo Volante Wolfsburg
57%
Paulinho Volante Tottenham Hotspur
55%
Bernard Atacante Shakhtar Donetsk
45%
Henrique Zagueiro Napoli
41%
Júlio Cesar Goleiro Toronto
39%
Nenhum quiz correspondente encontrado
Distribuição das Pontuações
Porcentagem de Pessoas com Cada Pontuação
Percentil de Números Respondidos
Sua Pontuação Histórica
Você não jogou esse quiz desde o último reset